Statistiques concernant Culture Générale - Série 1327

Cliquez ici pour prendre le quiz!

Statistiques générales

  • Ce quiz a été pris 58 fois
  • Le résultat moyen est 6 sur 10

Statistiques - réponses

QuestionRéponse% Correct
Quel pays est bordé par la Méditerranée, l'Atlantique, la Manche et la mer du Nord ?France
88%
Le feuilleton réalisé en 1969 par Stellio Lorenzi s'intitulait "Jacquou le...Croquant
78%
Qui était opposé à Nicolas Sarkozy au second tour de l'élection présidentielle de 2007 ? lSégolène Royal
71%
Dans l'Antiquité grecque, à quelle déesse était dédié le Parthénon ?Athéna
71%
Quel mot, issu du verbe anglais signifiant "balancer" désigne un type de danse et le mouvement du golfeur pour frapper la balle ?swing
69%
Dans quel département se trouve la ville de Guérande ?Loire-Atlantique
53%
Dans quelle ville de France se situe le stade de la Meinau ?Strasbourg
53%
De quel chanteur français Renan Luce a-t-il épousé la fille en juillet 2009 ?Renaud
49%
À quel poète doit-on le recueil "Calligrammes" en 1918 ?Guillaume Apollinaire
37%
En 1998, quelle femme politique est nommée au Conseil constitutionnel en remplacement de Jean Cabannes ?Simone Veil
33%

Distribution des résultats

Percentile par nombre de réponses

% des personnes avec chaque résultat

Votre développement - résultats

Vous n’avez pas pris ce quiz